[Event "Ouest Toulousain 2007"]
[Site "?"]
[Date "2007.02.19"]
[Round "1.1"]
[White "Kirk, Jason"]
[Black "Prié, Eric"]
[Result "0-1"]
[WhiteElo "1846"]
[BlackElo "2516"]
[PlyCount "78"]
[EventDate "2007.02.19"]
[SourceDate "2007.02.19"]

1. Nf3 d5 2. c4 c6 3. d4 Nf6 4. Nc3 a6 5. e3 b5 6. cxd5 cxd5 7. a3 e6 8. Bd3
Bb7 9. O-O Nbd7 10. Qe2 Rc8 11. Ne5 Bd6 12. f4 O-O 13. Rf3 Ne4 14. Bxe4 dxe4
15. Rh3 f5 16. Bd2 Nf6 17. Be1 Qe8 18. Rd1 Rc7 19. Qf2 g6 20. Ne2 Bd5 21. Bc3
Qe7 22. Qg3 Qg7 23. Qe1 Rfc8 24. Ba5 Rc2 25. Bc3 Bb3 26. Rd2 Nd5 27. Rxc2 Bxc2
28. Qd2 Nxc3 29. Nxc3 Bb3 30. Qe2 Bxa3 31. bxa3 Rxc3 32. Qe1 Qc7 33. Qh4 Rc1+
34. Kf2 Rc2+ 35. Kg1 Ra2 36. Nc6 Bd5 37. Ne7+ Kf8 38. Nxg6+ Ke8 39. Qe1 Qc2 0-1

[Event "Ouest Toulousain 2007"]
[Site "?"]
[Date "2007.02.19"]
[Round "1.15"]
[White "Gipouloux, Laurent"]
[Black "Faure, Nicolas"]
[Result "1/2-1/2"]
[WhiteElo "1775"]
[BlackElo "2073"]
[PlyCount "108"]
[EventDate "2007.02.19"]
[SourceDate "2007.02.19"]

1. e4 c6 2. d4 d5 3. Nc3 dxe4 4. Nxe4 Bf5 5. Ng3 Bg6 6. h4 h6 7. h5 Bh7 8. Nf3
Nd7 9. Bd3 Bxd3 10. Qxd3 Ngf6 11. Bd2 Qc7 12. O-O-O O-O-O 13. Qe2 e6 14. Ne5
Nxe5 15. dxe5 Nd5 16. f4 Be7 17. Rhe1 Bh4 18. Qg4 Bxg3 19. Qxg3 Rhg8 20. Qf2
Qb6 21. Qxb6 Nxb6 22. g4 Nc4 23. Bb4 Rxd1+ 24. Rxd1 Rd8 25. Rxd8+ Kxd8 26. Bc5
b6 27. Bf8 Ne3 28. Bxg7 Nxg4 29. Kd2 Ke7 30. Ke2 f5 31. exf6+ Nxf6 32. Bxh6
Nxh5 33. Ke3 Ng3 34. Bg5+ Kd6 35. Kd3 Nh5 36. Ke4 Ng3+ 37. Kf3 Nf5 38. Ke4 c5
39. Bf6 Ng3+ 40. Kf3 Nf5 41. Ke4 b5 42. Be5+ Ke7 43. Bb8 a6 44. Ba7 Nd6+ 45.
Kd3 c4+ 46. Kd4 Nf5+ 47. Ke5 Kd7 48. Bf2 Ne7 49. Bc5 Ng6+ 50. Ke4 Kc6 51. Bd4
Ne7 52. a3 Nd5 53. Ke5 Kd7 54. f5 Nc7 1/2-1/2

[Event "Ouest Toulousain 2007"]
[Site "?"]
[Date "2007.02.19"]
[Round "1.25"]
[White "Heinzel, Lisette"]
[Black "Arioli, Claude"]
[Result "1-0"]
[WhiteElo "1680"]
[BlackElo "1960"]
[PlyCount "161"]
[EventDate "2007.02.19"]
[SourceDate "2007.02.19"]

1. e4 e6 2. d4 d5 3. Nc3 Bb4 4. exd5 exd5 5. a3 Bd6 6. Bd3 Ne7 7. Nge2 O-O 8.
Bf4 Re8 9. O-O c6 10. Re1 Bf5 11. Bxd6 Qxd6 12. Bxf5 Nxf5 13. Ng3 Rxe1+ 14.
Qxe1 Nxg3 15. Qe8+ Qf8 16. Qxf8+ Kxf8 17. fxg3 Nd7 18. Re1 Nb6 19. b3 Rd8 20.
Kf2 Rd6 21. Re3 Nc8 22. h3 Rf6+ 23. Rf3 Re6 24. Re3 Rxe3 25. Kxe3 Nd6 26. g4 g5
27. Ne2 Ne4 28. c4 Ke7 29. c5 Kd7 30. Kd3 Ke6 31. Ke3 h5 32. gxh5 f5 33. g3 Nf6
34. h4 f4+ 35. Kf3 fxg3 36. hxg5 Ne4 37. Nxg3 Nxg5+ 38. Kg4 Kf6 39. b4 Ne6 40.
Ne2 Ng5 41. Ng3 b6 42. cxb6 axb6 43. a4 c5 44. bxc5 bxc5 45. dxc5 Ne6 46. c6
Nc7 47. Kf4 Ne6+ 48. Ke3 Ke5 49. Ne2 d4+ 50. Kd3 Nc5+ 51. Kc4 Nxa4 52. Nxd4
Nb6+ 53. Kc5 Nc8 54. c7 Kf6 55. Kc6 Kg5 56. Kd7 Nb6+ 57. Kd8 Kxh5 58. Nc2 Kg5
59. Na3 Kf6 60. Nc4 Nxc4 61. c8=Q Ne5 62. Qc5 Ke6 63. Qe7+ Kd5 64. Kc7 Nc4 65.
Qf7+ Kd4 66. Qh5 Ne5 67. Kd6 Nc4+ 68. Ke6 Ne3 69. Qe5+ Kd3 70. Qf4 Nc4 71. Kd5
Ne3+ 72. Kc5 Nc2 73. Qc4+ Kd2 74. Qb3 Ne3 75. Kd4 Nc2+ 76. Ke4 Ne1 77. Qe3+ Kd1
78. Qf2 Nc2 79. Kd3 Nb4+ 80. Kc3 Nd5+ 81. Kc4 1-0

[Event "Ouest Toulousain 2007"]
[Site "?"]
[Date "2007.02.19"]
[Round "1.28"]
[White "Durbize, Patrick"]
[Black "Perraut, Arnaud"]
[Result "1/2-1/2"]
[WhiteElo "1910"]
[BlackElo "1620"]
[PlyCount "49"]
[EventDate "2007.02.19"]
[SourceDate "2007.02.19"]

1. e4 e5 2. Nf3 Nf6 3. Nc3 Bb4 4. d3 d6 5. Bd2 O-O 6. a3 Ba5 7. Be2 c6 8. O-O
Be6 9. h3 Nh5 10. Nxe5 dxe5 11. Bxh5 f5 12. exf5 Bxf5 13. Bg4 Nd7 14. Bxf5 Rxf5
15. Qg4 Rf7 16. b4 Nf6 17. Qe2 Bc7 18. Bg5 Qd6 19. Ne4 Nxe4 20. dxe4 Qg6 21.
Bd2 Raf8 22. c4 Bd8 23. Rad1 Rf3 24. Kh1 Qh5 25. Kg1 1/2-1/2

[Event "Ouest Toulousain 2007"]
[Site "?"]
[Date "2007.02.20"]
[Round "2.6"]
[White "Canonge, Jérome"]
[Black "Toulzac, Pierre-Yves"]
[Result "1/2-1/2"]
[WhiteElo "1941"]
[BlackElo "2305"]
[PlyCount "88"]
[EventDate "2007.02.19"]
[SourceDate "2007.02.20"]

1. d4 Nf6 2. Bg5 Ne4 3. Bf4 c5 4. f3 Qa5+ 5. c3 Nf6 6. Nd2 cxd4 7. Nb3 Qb6 8.
Qxd4 Nc6 9. Qxb6 axb6 10. Nd4 e5 11. Nxc6 exf4 12. Nd4 Nd5 13. e4 fxe3 14. Bc4
Nc7 15. O-O-O g6 16. f4 Bh6 17. g3 O-O 18. Ngf3 d5 19. Bb3 Bg4 20. Rhe1 Rfe8
21. Rd3 e2 22. Rxe2 Rxe2 23. Nxe2 Re8 24. Ned4 Bg7 25. Kd2 Kf8 26. Re3 Rd8 27.
Ne5 Bc8 28. Ndf3 h6 29. Rd3 Bf5 30. Rd4 Be4 31. Nxf7 Bxd4 32. Nxd8 Bxf3 33.
cxd4 Ke7 34. Ke3 Bg4 35. Nxb7 Bc8 36. Nc5 bxc5 37. dxc5 Bb7 38. Bc2 Ne6 39. b4
d4+ 40. Kd2 Bd5 41. a4 Kf6 42. Bd3 g5 43. f5 Nd8 44. g4 Ke5 1/2-1/2

[Event "Ouest Toulousain 2007"]
[Site "?"]
[Date "2007.02.20"]
[Round "2.20"]
[White "Kirk, Eden"]
[Black "Durbize, Patrick"]
[Result "1/2-1/2"]
[WhiteElo "1876"]
[BlackElo "1910"]
[PlyCount "66"]
[EventDate "2007.02.19"]
[SourceDate "2007.02.20"]

1. d4 d5 2. c4 c6 3. Nc3 Nf6 4. Nf3 h6 5. Bf4 e6 6. e3 Bd6 7. Bxd6 Qxd6 8. a3
Nbd7 9. cxd5 exd5 10. Rc1 O-O 11. Bd3 Nb6 12. h3 Re8 13. O-O Ne4 14. Ne5 Nf6
15. Bb1 Qe7 16. b4 a6 17. Nd3 Nc4 18. a4 b5 19. axb5 axb5 20. Nc5 Nd6 21. Re1
Nh7 22. e4 Qg5 23. Qf3 Be6 24. Kh2 dxe4 25. N3xe4 Qd8 26. Nxe6 Rxe6 27. Rxc6
Nxe4 28. Bxe4 Ng5 29. Qg4 Rxc6 30. Bxc6 Qd6+ 31. f4 Qxc6 32. fxg5 hxg5 33. Qxg5
Qd6+ 1/2-1/2

[Event "Ouest Toulousain 2007"]
[Site "?"]
[Date "2007.02.20"]
[Round "3.6"]
[White "Troubat, Michael"]
[Black "Dussol, Pierre"]
[Result "1-0"]
[WhiteElo "2072"]
[BlackElo "2265"]
[PlyCount "159"]
[EventDate "2007.02.19"]
[SourceDate "2007.02.20"]

1. e4 d6 2. d4 Nf6 3. Bd3 Nc6 4. c3 e5 5. d5 Ne7 6. f4 exf4 7. Bxf4 Ng6 8. Bg3
Be7 9. Nf3 O-O 10. Qd2 Nh5 11. c4 Bg4 12. Nc3 Bf6 13. Ne2 Re8 14. O-O Nxg3 15.
hxg3 c6 16. Nf4 Qb6+ 17. Kh2 Ne5 18. Rab1 Bxf3 19. gxf3 Qd4 20. b3 Bg5 21. Rbd1
Ng6 22. Ne2 Qe3 23. f4 Qxd2 24. Rxd2 Bf6 25. dxc6 bxc6 26. Bc2 Be7 27. Nd4 Rac8
28. Nf5 d5 29. exd5 Bb4 30. Rg2 cxd5 31. cxd5 Rc5 32. Rd1 Nf8 33. d6 Nd7 34.
Rd4 a5 35. Ne7+ Kf8 36. Bf5 Rd8 37. Nd5 Ba3 38. Bxd7 Rxd7 39. Nb6 Rh5+ 40. Kg1
Rxd6 41. Rxd6 Bxd6 42. Nc4 Bc5+ 43. Kf1 Rh1+ 44. Ke2 Ra1 45. Kd3 Bb4 46. Ke4 h5
47. Kd5 Rf1 48. a3 Be1 49. Ke4 g6 50. Nd2 Bxd2 51. Rxd2 Ra1 52. a4 Rb1 53. Rd3
Ke7 54. Kd4 Rf1 55. Ke3 Ke6 56. Rd8 Rb1 57. Rb8 Kf5 58. Kf3 Rf1+ 59. Ke2 Rc1
60. Rb5+ Kg4 61. Rg5+ Kh3 62. Rxa5 Kxg3 63. f5 g5 64. f6 Kf4 65. Ra7 Rc2+ 66.
Kd3 Rc6 67. Rxf7 h4 68. b4 h3 69. Rh7 g4 70. f7 Rc8 71. Ke2 Kg3 72. b5 h2 73.
b6 Kg2 74. b7 Rf8 75. a5 g3 76. a6 h1=Q 77. Rxh1 Kxh1 78. a7 g2 79. a8=Q g1=Q
80. b8=Q+ 1-0

[Event "Ouest Toulousain 2007"]
[Site "?"]
[Date "2007.02.20"]
[Round "3.9"]
[White "Toulzac, Pierre-Yves"]
[Black "Wehmeier, Manuel"]
[Result "1-0"]
[WhiteElo "2305"]
[BlackElo "2039"]
[PlyCount "63"]
[EventDate "2007.02.19"]
[SourceDate "2007.02.20"]

1. d4 d5 2. c4 c6 3. Nc3 Nf6 4. Nf3 e6 5. Bg5 Be7 6. cxd5 exd5 7. e3 O-O 8. Qc2
Re8 9. Bd3 h6 10. Bh4 Nbd7 11. O-O Nf8 12. Bxf6 Bxf6 13. b4 Bg4 14. Nd2 Rc8 15.
Rfc1 Qd6 16. Qb3 Bd8 17. b5 Bc7 18. Nf1 Qf6 19. bxc6 bxc6 20. Qa4 Qg5 21. Kh1
Bb8 22. Ba6 Rcd8 23. Ne2 Qf6 24. Kg1 Re6 25. Bd3 Qg5 26. Rxc6 Rxc6 27. Qxc6 Rd6
28. Qc2 f5 29. Rb1 Rd8 30. f4 Qg6 31. Neg3 Qd6 32. h3 1-0

[Event "Ouest Toulousain 2007"]
[Site "?"]
[Date "2007.02.20"]
[Round "3.11"]
[White "Donskoi, Karel"]
[Black "Kirk, Jason"]
[Result "1/2-1/2"]
[WhiteElo "2030"]
[BlackElo "1846"]
[PlyCount "112"]
[EventDate "2007.02.19"]
[SourceDate "2007.02.20"]

1. c4 e6 2. g4 d5 3. Bg2 c6 4. Qc2 dxc4 5. Qxc4 e5 6. h3 Be6 7. Qc2 Nd7 8. Nf3
Bd6 9. Nc3 h6 10. d4 Ngf6 11. e4 Bc4 12. Be3 Qa5 13. Nd2 Ba6 14. Nb3 Qc7 15.
O-O-O O-O-O 16. Bf1 Bxf1 17. Rhxf1 exd4 18. Nxd4 Bf4 19. Qd2 Bxe3 20. Qxe3 g6
21. f4 Rhe8 22. Qf3 Nc5 23. e5 Nfd7 24. b4 Ne6 25. Nxe6 Rxe6 26. Ne4 Kb8 27.
Rd6 Nb6 28. Rxd8+ Qxd8 29. Nc5 Re7 30. Rd1 Qc7 31. Qd3 Nd5 32. Qd2 Qb6 33. a3
Qb5 34. Qd4 Qe2 35. Qd3 Qa2 36. b5 Qa1+ 37. Kd2 Qb2+ 38. Ke1 Qc3+ 39. Qxc3 Nxc3
40. Rd7 Rxd7 41. Nxd7+ Kc7 42. bxc6 Kxc6 43. Nf8 Nb5 44. Kd2 Nxa3 45. h4 Nc4+
46. Kd3 b5 47. e6 fxe6 48. Nxg6 Kd6 49. Kd4 a5 50. h5 a4 51. Kc3 e5 52. g5 a3
53. Nxe5 Nxe5 54. fxe5+ Kxe5 55. g6 Kf6 56. Kb3 b4 1/2-1/2

[Event "Ouest Toulousain 2007"]
[Site "?"]
[Date "2007.02.20"]
[Round "3.15"]
[White "Troubat, Nicolas"]
[Black "Muratet, Lucas"]
[Result "0-1"]
[WhiteElo "1962"]
[BlackElo "1808"]
[PlyCount "112"]
[EventDate "2007.02.19"]
[SourceDate "2007.02.20"]

1. e4 c5 2. Nf3 d6 3. Bb5+ Nd7 4. O-O Ngf6 5. Re1 a6 6. Bf1 b6 7. c3 Bb7 8. d3
g6 9. Bf4 Bg7 10. Qd2 O-O 11. Bh6 c4 12. Bxg7 Kxg7 13. Qc2 cxd3 14. Bxd3 Nc5
15. Nbd2 Nxd3 16. Qxd3 Qc7 17. Qd4 Rfd8 18. h3 Rac8 19. Re3 Qc5 20. c4 b5 21.
cxb5 axb5 22. b4 Qc2 23. Ne1 Qc6 24. f3 Kg8 25. Nb3 e5 26. Qd2 d5 27. Na5 Qb6
28. Nxb7 Qxb7 29. exd5 Rxd5 30. Qe2 Qb6 31. Kh1 Qd6 32. Nd3 Nh5 33. Kg1 Ng3 34.
Qe1 Nf5 35. Nc5 Nxe3 36. Qxe3 Rd1+ 37. Rxd1 Qxd1+ 38. Kh2 Qd4 39. Qxd4 exd4 40.
Kg3 Ra8 41. Kf4 Rxa2 42. g4 Re2 43. Nd3 Kf8 44. h4 Ke7 45. g5 Kd6 46. Kg4 Re3
47. Nf2 Ke6 48. Ne4 Re1 49. Kf4 Rb1 50. Nf2 Rxb4 51. Nd3 Rc4 52. Ke4 f5+ 53.
gxf6 Kxf6 54. Nb2 Rc2 55. Nd3 Rh2 56. Kxd4 Rd2 0-1

[Event "Ouest Toulousain 2007"]
[Site "?"]
[Date "2007.02.21"]
[Round "4.1"]
[White "Prié, Eric"]
[Black "Simon, Olivier"]
[Result "1/2-1/2"]
[WhiteElo "2516"]
[BlackElo "2383"]
[PlyCount "126"]
[EventDate "2007.02.19"]
[SourceDate "2007.02.23"]

1. d4 Nf6 2. Nf3 g6 3. Bf4 Bg7 4. e3 O-O 5. Be2 c5 6. c3 d6 7. dxc5 dxc5 8. Na3
Nc6 9. O-O Nh5 10. Bg5 h6 11. Bh4 g5 12. Nd2 Nf6 13. Bg3 Be6 14. Qc2 Qc8 15.
Rad1 b6 16. Nb5 Ne8 17. Bf3 a6 18. Nc7 Nxc7 19. Bxc6 Ra7 20. Nf3 Ne8 21. Bd5
Bxd5 22. Rxd5 Nf6 23. Rdd1 Rd7 24. Rxd7 Nxd7 25. Rd1 b5 26. a4 Qc6 27. axb5
axb5 28. h4 g4 29. Qf5 Nf6 30. Ne5 Qe4 31. Qxe4 Nxe4 32. Nc6 Re8 33. Be5 Bxe5
34. Nxe5 Ra8 35. Nxg4 Ra2 36. f3 Nd6 37. Rd5 c4 38. Nxh6+ Kg7 39. Nf5+ Nxf5 40.
Rxf5 Rxb2 41. e4 e6 42. Rc5 Kg6 43. Kh2 f5 44. Rc6 fxe4 45. Rxe6+ Kf5 46. Rxe4
Rc2 47. h5 Rxc3 48. h6 Kg6 49. Re6+ Kh7 50. Kh3 b4 51. Kh4 b3 52. Rb6 Rd3 53.
Rb4 Rd7 54. Rxc4 Rb7 55. Rc1 b2 56. Rb1 Kxh6 57. Kg4 Rg7+ 58. Kh3 Rb7 59. Kg3
Kg5 60. Kf2 Rb3 61. Ke2 Kf4 62. Kd2 Kg3 63. Kc2 Re3 1/2-1/2

[Event "Ouest Toulousain 2007"]
[Site "?"]
[Date "2007.02.21"]
[Round "4.4"]
[White "Zarrouati, Pierre"]
[Black "Troubat, Michael"]
[Result "1/2-1/2"]
[WhiteElo "2154"]
[BlackElo "2072"]
[PlyCount "63"]
[EventDate "2007.02.19"]
[SourceDate "2007.02.23"]

1. d4 d5 2. Nf3 c6 3. c4 e6 4. e3 f5 5. Nc3 Nf6 6. a3 Bd6 7. b4 Ne4 8. Qc2 Nd7
9. Bb2 O-O 10. Rc1 Ndf6 11. Na4 Ng4 12. cxd5 exd5 13. g3 Ngxf2 14. Rg1 Ng4 15.
Nc5 Nxe3 16. Qb3 Nxf1 17. Rxf1 Qe7 18. Ne5 Nxc5 19. bxc5 Bxe5 20. dxe5 Be6 21.
Bd4 Rfb8 22. Rf2 Bd7 23. Re2 Qe6 24. a4 b6 25. Rb1 b5 26. a5 a6 27. Qf3 Be8 28.
Rb4 Bg6 29. Bc3 Ra7 30. Rf4 Rf7 31. h4 h5 32. Bd2 1/2-1/2

[Event "Ouest Toulousain 2007"]
[Site "?"]
[Date "2007.02.21"]
[Round "4.6"]
[White "Dussol, Pierre"]
[Black "Lamy, Loïc"]
[Result "0-1"]
[WhiteElo "2265"]
[BlackElo "2062"]
[PlyCount "38"]
[EventDate "2007.02.19"]
[SourceDate "2007.02.23"]

1. e4 e6 2. d3 d5 3. Nd2 Nf6 4. g3 Bc5 5. e5 Nfd7 6. Ngf3 O-O 7. d4 Be7 8. Bh3
c5 9. c3 cxd4 10. cxd4 Qb6 11. O-O Nc6 12. Nb1 f6 13. Bxe6+ Kh8 14. Bxd7 Bxd7
15. Nc3 fxe5 16. Nxd5 Qd8 17. Nxe5 Bh3 18. Nxe7 Nxe5 19. Bg5 Nf3+ 0-1

[Event "Ouest Toulousain 2007"]
[Site "?"]
[Date "2007.02.22"]
[Round "5.1"]
[White "Lejarre, Ludovic"]
[Black "Fomichenko, Eduard"]
[Result "0-1"]
[WhiteElo "2331"]
[BlackElo "2438"]
[PlyCount "128"]
[EventDate "2007.02.19"]
[SourceDate "2007.02.23"]

1. e4 c5 2. Nc3 Nc6 3. Nf3 e6 4. d4 cxd4 5. Nxd4 Qc7 6. Be2 a6 7. O-O Nf6 8.
Be3 Be7 9. f4 d6 10. Kh1 O-O 11. a4 Re8 12. a5 Nxa5 13. e5 dxe5 14. fxe5 Qxe5
15. Bf4 Qc5 16. Na4 Qa7 17. Be3 b6 18. Nxe6 Bxe6 19. Bxb6 Qb8 20. Bxa5 Ra7 21.
Qd4 Nd7 22. Rad1 Bf6 23. Qf2 Be5 24. Qh4 Nf8 25. Rd8 Rxd8 26. Qxd8 Bxh2 27.
Qxb8 Bxb8 28. Bb6 Rd7 29. Bxa6 Rd5 30. Be2 Nd7 31. Bf2 Nf6 32. Bf3 Rd2 33. Rd1
Rxd1+ 34. Bxd1 Ne4 35. Bd4 f5 36. Nc5 Nxc5 37. Bxc5 Bd5 38. Be2 Kf7 39. c4 Be4
40. Kg1 g5 41. b4 g4 42. b5 h5 43. Bf2 Be5 44. c5 Ke6 45. Bc4+ Bd5 46. Bxd5+
Kxd5 47. c6 Kd6 48. Bb6 Bc3 49. Kf2 f4 50. Ke2 h4 51. Bd8 h3 52. gxh3 gxh3 53.
Kf3 Be1 54. Bb6 Bg3 55. Bc5+ Kc7 56. Bd4 h2 57. Kg2 f3+ 58. Kh1 Kd6 59. Bb6 Kd5
60. Be3 Be5 61. Bf2 Bf4 62. Bb6 Kc4 63. Bg1 hxg1=Q+ 64. Kxg1 Kd3 0-1

[Event "Ouest Toulousain 2007"]
[Site "?"]
[Date "2007.02.22"]
[Round "5.4"]
[White "Toulzac, Pierre-Yves"]
[Black "Lacroix, Romain"]
[Result "1/2-1/2"]
[WhiteElo "2305"]
[BlackElo "2123"]
[PlyCount "79"]
[EventDate "2007.02.19"]
[SourceDate "2007.02.23"]

1. d4 d5 2. c4 c6 3. Nc3 Nf6 4. Nf3 e6 5. Bg5 Nbd7 6. cxd5 exd5 7. e3 Be7 8.
Qc2 O-O 9. Bd3 Re8 10. O-O Nf8 11. Bxf6 Bxf6 12. b4 a6 13. a4 Bg4 14. Nd2 Rc8
15. Rfc1 Bh5 16. Qb3 Bg6 17. Be2 Qd6 18. Bg4 Ne6 19. b5 axb5 20. axb5 h5 21.
Bxe6 fxe6 22. bxc6 bxc6 23. Ra6 Bd3 24. Rb6 Bd8 25. Rb7 c5 26. Na4 c4 27. Qb5
Rf8 28. Nc5 Bc7 29. f4 Bf5 30. Nf3 Rb8 31. Ne5 Rxb7 32. Qxb7 Rb8 33. Qa7 Qb6
34. Qxb6 Rxb6 35. e4 Bxe5 36. fxe5 Bxe4 37. Nxe4 dxe4 38. Rxc4 Rb2 39. Kf1 Rd2
40. Rc8+ 1/2-1/2

[Event "Ouest Toulousain 2007"]
[Site "?"]
[Date "2007.02.22"]
[Round "5.9"]
[White "Cesbron, Guy"]
[Black "Muratet, Lucas"]
[Result "1/2-1/2"]
[WhiteElo "2104"]
[BlackElo "1809"]
[PlyCount "65"]
[EventDate "2007.02.19"]
[SourceDate "2007.02.21"]

1. e4 c5 2. Nc3 a6 3. g3 b5 4. Bg2 Bb7 5. d3 e6 6. Nf3 b4 7. Ne2 d5 8. exd5
exd5 9. O-O Nf6 10. Re1 Be7 11. Nh4 Qd7 12. d4 O-O 13. dxc5 Nc6 14. Nd4 Bxc5
15. Nhf5 Nxd4 16. Nxd4 Rac8 17. h3 Ne4 18. Be3 Rfe8 19. Nb3 Bxe3 20. Rxe3 Qf5
21. Re2 a5 22. Qd3 Qg6 23. Ree1 Red8 24. Nd4 Qf6 25. Qe3 a4 26. Rad1 a3 27.
bxa3 bxa3 28. Rd3 Rc4 29. Red1 g6 30. Rxa3 Rdc8 31. Rb3 R8c7 32. Bf1 R4c5 33.
Bg2 1/2-1/2

[Event "Ouest-Toulousain 2007"]
[Site "?"]
[Date "2007.02.22"]
[Round "5.15"]
[White "Iwanesko, Alexandre"]
[Black "Dussol, Pierre"]
[Result "1/2-1/2"]
[WhiteElo "1842"]
[BlackElo "2265"]
[PlyCount "73"]
[EventDate "2006.03.11"]
[SourceDate "2006.03.12"]

1. Nf3 Nf6 2. c4 g6 3. g3 Bg7 4. Bg2 O-O 5. O-O d6 6. Nc3 Nc6 7. Rb1 Bf5 8. d3
Qd7 9. Re1 e5 10. Nd2 Bh3 11. Bh1 Ng4 12. b4 Rae8 13. b5 Nd8 14. Qa4 f5 15. Bb2
e4 16. Qxa7 Nxf2 17. Qxf2 e3 18. Qf4 Ne6 19. Bd5 exd2 20. Qxd2 c6 21. bxc6 bxc6
22. Bg2 Bxg2 23. Kxg2 f4 24. Ne4 d5 25. Bxg7 Qxg7 26. cxd5 cxd5 27. Nf2 fxg3
28. hxg3 Qa7 29. Rf1 Nd4 30. Rbe1 Ra8 31. Ng4 Nf5 32. Nh6+ Nxh6 33. Qxh6 Qxa2
34. Rxf8+ Rxf8 35. Qe3 Qa6 36. Rf1 Rxf1 37. Kxf1 1/2-1/2

[Event "Ouest Toulousain 2007"]
[Site "?"]
[Date "2007.02.22"]
[Round "6.6"]
[White "Lacroix, Romain"]
[Black "Ratsiambahotra, Tahiry"]
[Result "0-1"]
[WhiteElo "2123"]
[BlackElo "2010"]
[PlyCount "138"]
[EventDate "2007.02.19"]
[SourceDate "2007.02.22"]

1. e4 c5 2. Nc3 e6 3. g3 Nc6 4. Bg2 a6 5. d3 b5 6. f4 Bb7 7. Nf3 Qc7 8. O-O Nf6
9. e5 Ng4 10. Ne4 f5 11. Nc3 Be7 12. a4 b4 13. Ne2 d6 14. h3 Nh6 15. exd6 Qxd6
16. d4 O-O 17. Be3 Nxd4 18. Nfxd4 Bxg2 19. Kxg2 cxd4 20. Nxd4 e5 21. fxe5 Qxe5
22. Bxh6 gxh6 23. Re1 Qd5+ 24. Nf3 Qb7 25. Qe2 Rf7 26. Rad1 Kh8 27. Kh2 Bf6 28.
Nd4 f4 29. gxf4 Bh4 30. Qe5+ Bf6 31. Qe4 Qa7 32. Rg1 Re7 33. Qf3 Rae8 34. c3
bxc3 35. bxc3 Re3 36. Qc6 Qf7 37. Rg2 Rxh3+ 38. Kg1 Rh1+ 39. Kxh1 Qh5+ 40. Kg1
Qxd1+ 41. Kh2 Qh5+ 42. Kg1 Re1+ 43. Kf2 Bh4+ 44. Rg3 Bxg3+ 45. Kxg3 Qg6+ 46.
Qxg6 hxg6 47. Kf3 Ra1 48. Ke4 Rxa4 49. Kd5 Kg8 50. c4 Kf7 51. Nf3 Ra1 52. Ne5+
Kf6 53. c5 Rd1+ 54. Kc6 a5 55. Kb5 Rd5 56. Kc6 Rd4 57. Kb6 Rxf4 58. Nd7+ Ke6
59. c6 Kd6 60. Kb7 Rc4 61. Nb8 Rxc6 62. Nxc6 a4 63. Nd4 a3 64. Nb5+ Ke5 65.
Nxa3 h5 66. Nc4+ Kf4 67. Nd2 g5 68. Nf1 g4 69. Ne3 Kxe3 0-1

[Event "Ouest Toulousain 2007"]
[Site "?"]
[Date "2007.02.22"]
[Round "6.17"]
[White "Bouyt, Bernard"]
[Black "Treinsoutrot, Victor"]
[Result "1/2-1/2"]
[WhiteElo "1690"]
[BlackElo "1894"]
[PlyCount "33"]
[EventDate "2007.02.19"]
[SourceDate "2007.02.22"]

1. e4 e5 2. Nf3 Nc6 3. d4 exd4 4. Bc4 Bc5 5. c3 dxc3 6. Bxf7+ Kxf7 7. Qd5+ Kf8
8. Qxc5+ Nge7 9. Nxc3 d6 10. Qc4 Bg4 11. Ng5 Ne5 12. Ne6+ Bxe6 13. Qxe6 Qd7 14.
Qxd7 Nxd7 15. Be3 Kf7 16. Nb5 Rhc8 17. Nxa7 1/2-1/2

[Event "Ouest Toulousain 2007"]
[Site "?"]
[Date "2007.02.22"]
[Round "6.19"]
[White "Kirk, Eden"]
[Black "Heinzel, Lisette"]
[Result "1/2-1/2"]
[WhiteElo "1876"]
[BlackElo "1680"]
[PlyCount "85"]
[EventDate "2007.02.19"]
[SourceDate "2007.02.22"]

1. Nf3 c5 2. c4 Nc6 3. g3 g6 4. Bg2 Bg7 5. Nc3 Nf6 6. O-O O-O 7. a3 d5 8. cxd5
Nxd5 9. Nxd5 Qxd5 10. d3 Be6 11. Ng5 Qd7 12. Nxe6 Qxe6 13. Rb1 Rac8 14. b4 cxb4
15. axb4 b5 16. Bb2 Rfd8 17. Bxg7 Kxg7 18. Rb2 Rd4 19. Qa1 Kg8 20. Bxc6 Qxc6
21. Qxa7 Rd7 22. Qe3 e6 23. Ra1 Qc3 24. Rbb1 Qd4 25. Qxd4 Rxd4 26. Ra5 Rd5 27.
Rba1 Rc2 28. R5a2 Rc3 29. Rb1 g5 30. Rbb2 g4 31. Rc2 Rb3 32. Rab2 Ra3 33. Rc5
Kf8 34. Rxd5 exd5 35. Kg2 d4 36. h3 h5 37. hxg4 hxg4 38. Rb1 Ra2 39. Kf1 Ke7
40. Ke1 Ra3 41. Kd2 Ra2+ 42. Kd1 Ke6 43. Ke1 1/2-1/2

[Event "Ouest Toulousain 2007"]
[Site "?"]
[Date "2007.02.23"]
[Round "7.2"]
[White "Toulzac, Pierre-Yves"]
[Black "Lejarre, Ludovic"]
[Result "1/2-1/2"]
[WhiteElo "2305"]
[BlackElo "2331"]
[PlyCount "59"]
[EventDate "2007.02.19"]
[SourceDate "2007.02.23"]

1. d4 Nf6 2. c4 g6 3. Nc3 Bg7 4. e4 d6 5. Nf3 O-O 6. Be2 Na6 7. O-O e5 8. Be3
Ng4 9. Bg5 Qe8 10. c5 exd4 11. Nd5 dxc5 12. Nd2 f6 13. Bxa6 fxg5 14. Bxb7 Bxb7
15. Qxg4 Bxd5 16. exd5 Qe5 17. Nf3 Qxd5 18. Nxg5 Rf5 19. h4 d3 20. Rae1 Raf8
21. b3 Bd4 22. Nf3 Bc3 23. Re3 Rf4 24. Qg5 Qxg5 25. hxg5 Rd8 26. Rd1 c4 27.
bxc4 Rxc4 28. Rexd3 Rxd3 29. Rxd3 h5 30. gxh6 1/2-1/2

[Event "Ouest Toulousain 2007"]
[Site "?"]
[Date "2007.02.23"]
[Round "7.10"]
[White "Cabanes, Kim"]
[Black "Dussol, Pierre"]
[Result "1/2-1/2"]
[WhiteElo "1854"]
[BlackElo "2265"]
[PlyCount "63"]
[EventDate "2007.02.19"]
[SourceDate "2007.02.23"]

1. e4 d6 2. d4 Nf6 3. Nc3 g6 4. Be3 c6 5. Qd2 Nbd7 6. f3 b5 7. O-O-O Qa5 8. Kb1
b4 9. Nce2 Ba6 10. Nc1 Bxf1 11. Rxf1 Nb6 12. Qe2 Bg7 13. g4 h5 14. g5 Nfd7 15.
f4 Qb5 16. Qxb5 cxb5 17. b3 f5 18. e5 Nd5 19. Bd2 Nf8 20. Nd3 a5 21. Nf3 Ne6
22. Re1 Kf7 23. Re2 Rhc8 24. Rhe1 Nd8 25. Nf2 Rc3 26. Bxc3 Nxc3+ 27. Kb2 Nxe2
28. Rxe2 d5 29. Nd3 e6 30. Nc5 Bf8 31. Nd7 Rc8 32. Re3 1/2-1/2

[Event "Ouest-Toulousain 2007"]
[Site "?"]
[Date "2007.02.23"]
[Round "7.13"]
[White "Iwanesko, Alexandre"]
[Black "Wehmeier, Manuel"]
[Result "1/2-1/2"]
[WhiteElo "1842"]
[BlackElo "2039"]
[PlyCount "120"]
[EventDate "2006.03.11"]
[SourceDate "2006.03.12"]

1. Nf3 g6 2. c4 Bg7 3. Nc3 Nf6 4. g3 d6 5. Bg2 O-O 6. O-O e5 7. d3 c6 8. Rb1
Re8 9. Bg5 Nbd7 10. b4 Qc7 11. b5 Nf8 12. Nd2 Bd7 13. Qb3 Ne6 14. Bxf6 Bxf6 15.
Nde4 Be7 16. bxc6 bxc6 17. Qb7 Rab8 18. Qa6 f5 19. Nd2 Bf6 20. Rxb8 Rxb8 21.
Rb1 e4 22. Qa3 exd3 23. exd3 Nc5 24. Bf1 h5 25. Qc1 Rxb1 26. Ndxb1 Kg7 27. Nd2
Qa5 28. Ndb1 Ne6 29. Qb2 Qb6 30. Qxb6 axb6 31. Na4 Bd4 32. Nac3 g5 33. Ne2 Be5
34. Nd2 Kf6 35. Nb3 Bb2 36. Bg2 Ke5 37. Kf1 g4 38. f4+ gxf3 39. Bxf3 Be8 40.
Kf2 d5 41. cxd5 cxd5 42. Nf4 Nxf4 43. gxf4+ Kd6 44. Ke3 Bg6 45. Kd2 Bf7 46. Ke3
Bg6 47. Kd2 h4 48. Ke2 Bf7 49. Ke3 Be6 50. Bg2 Ba3 51. Kd2 Bb2 52. Ke3 Bg7 53.
Nd4 Bd7 54. Bh3 Kc5 55. Nxf5 Bb2 56. Bg4 Bc1+ 57. Kf3 Kb4 58. Nxh4 Bb5 59. Be6
Kc5 60. f5 Bg5 1/2-1/2